Adult development and aging / (Record no. 562)

000 -LEADER
fixed length control field nam a22 a 4500
005 - DATE AND TIME OF LATEST TRANSACTION
control field 20170504113046.0
008 - FIXED-LENGTH DATA ELEMENTS--GENERAL INFORMATION
fixed length control field 170504b1982 xxu||||| |||| 00| 0 eng d
020 ## - INTERNATIONAL STANDARD BOOK NUMBER
International Standard Book Number 0316772712
040 ## - CATALOGING SOURCE
Original cataloging agency AKMAL
082 ## - DEWEY DECIMAL CLASSIFICATION NUMBER
Edition number 19
Classification number 155.6 SCH
100 ## - MAIN ENTRY--PERSONAL NAME
Personal name Schaie, K. Warner |q (Klaus Warner)
Dates associated with a name 1928-
9 (RLIN) 1250
245 ## - TITLE STATEMENT
Title Adult development and aging /
Statement of responsibility, etc. K. Warner Schaie, James Geiwitz.
260 ## - PUBLICATION, DISTRIBUTION, ETC.
Place of publication, distribution, etc. Boston
Name of publisher, distributor, etc. Little, Brown.
Date of publication, distribution, etc. c1982.
300 ## - PHYSICAL DESCRIPTION
Dimensions cm
599 ## - LOCAL NOTE
Local Note DALAM PROSES
650 ## - SUBJECT ADDED ENTRY--TOPICAL TERM
Topical term or geographic name entry element Adulthood
General subdivision Psychological aspects.
9 (RLIN) 1251
650 ## - SUBJECT ADDED ENTRY--TOPICAL TERM
Topical term or geographic name entry element Aging
General subdivision Psychological aspects.
9 (RLIN) 1252
650 ## - SUBJECT ADDED ENTRY--TOPICAL TERM
Topical term or geographic name entry element Aged
General subdivision Psychology.
9 (RLIN) 1253
700 ## - ADDED ENTRY--PERSONAL NAME
Personal name Geiwitz, James.
9 (RLIN) 1254
852 ## - LOCATION
Location British Library
Sublocation or collection DSC
942 ## - ADDED ENTRY ELEMENTS (KOHA)
Source of classification or shelving scheme
Koha item type Book
Holdings
Withdrawn status Lost status Source of classification or shelving scheme Damaged status Not for loan Collection code Home library Current library Shelving location Date acquired Inventory number Total Checkouts Full call number Barcode Date last seen Price effective from Koha item type
          NON-FICTION AKMAL Melaka AKMAL Melaka PINJAMAN 04.05.2017 100097   155.6 SCH 201701471 04.05.2017 04.05.2017 Book
Pusat Sumber Maklumat Dato' Haji Sarmin Md Hussin, Akademi Kastam Diraja Malaysia, Melaka
Tel: 06-2331106 | Faks: 06-2313787